000 00595nam a2200205Ia 4500
005 20250508165816.0
008 008 250505s9999 xx 000 0 hin d
037 _aTextual
040 _aFEDL
_beng
_cFEDL
041 _ahin
_2hin
084 _a491.43, KHE
_qFEDL
100 _aKhemani Kusum Ed.
_9775662
245 0 _aSachitra hindi bal-kosh
260 _aCalcutta, India
_bSanti Nidhi Trust
_c1988
300 _a207p.
365 _aINR
_b350
546 _aAcc. No. 61241 is gifted book by Prof. krishna Kumar
942 _cTEXL
_h491.43, KHE
999 _c1397584
_d1397584